Match quote about politics to person #1 - Statistics

General Stats
  • This quiz has been taken 335 times
  • The average score is 4 of 12
Answer Stats
Hint Answer % Correct
The revolution is a dictatorship of the exploited against the exploiters. Fidel Castro
63%
Politics is for the present, but an equation is for eternity. Albert Einstein
59%
The ballot is stronger than the bullet. Abraham Lincoln
41%
It is enough that the people know there was an election. The people who cast the votes decide nothing. The people who count the votes decide everything. Joseph Stalin
40%
I once said to my father, when I was a boy, "Dad we need a third political party." He said to me, "I'll settle for a second." Ralph Nader
34%
It has been said that politics is the second oldest profession. I have learned that it bears a striking resemblance to the first. Ronald Reagan
30%
If you have always believed that everyone should play by the same rules and be judged by the same standards, that would have gotten you labeled a radical 60 years ago, a liberal 30 years ago and a racist today. Thomas Sowell
28%
Ninety percent of the politicians give the other ten percent a bad reputation. Henry Kissinger
24%
One of the penalties for refusing to participate in politics is that you end up being governed by your inferiors. Plato
23%
Politics is show business for ugly people. Paul Begala
18%
There are many men of principle in both parties in America, but there is no party of principle. Alexis de Tocqueville
10%
Never believe anything in politics until it has been officially denied. Otto von Bismarck
10%
No matching quizzes found
Score Distribution
Percent of People with Each Score
Percentile by Number Answered
Your Score History
You have not taken this quiz